Bazówki - OUN - Statistics

General Stats
  • This quiz has been taken 284 times
  • The average score is 34 of 38
Answer Stats
BAZÓWKI % Correct
lobus frontalis
98%
lobus occipitalis
98%
lobus parietalis
97%
lobus temporalis
97%
medulla oblongata
97%
mesencephalon
95%
pons
94%
sulcus centralis
93%
sulcus lateralis
93%
ventriculus tertius
93%
vermis cerebelli
92%
hemispherium cerebelli
91%
medulla spinalis
91%
ventriculus quartus
91%
corpus callosum
90%
thalamus
90%
tonsilla cerebelli
90%
ventriculus lateralis
90%
aquaeductus mesecephali
89%
arteria basilaris
89%
arteria carotis interna
89%
nucleus caudatus
89%
septum pellucidum
88%
chiasma opticum
87%
corpus pineale
87%
nucleus lentiformis
87%
pyramis medullae oblongatae
87%
bulbus olfactorius
86%
corpus mamillare
85%
crus cerebri
85%
fissura longitudinalis cerebri
85%
radix nervi trigemini
85%
plexus choroideus
84%
hypophysis
83%
tractus olfactorius
83%
hippocampus
82%
capsula interna
81%
insula
81%
No matching quizzes found
Score Distribution
Percent of People with Each Score
Percentile by Number Answered
Your Score History
You have not taken this quiz